A estrategia francesa de renovacao do servico publico : (Registro nro. 66191)

Detalles MARC
000 -CABECERA
campo de control de longitud fija 00736nab a2200229 a 4500
001 - NÚMERO DE CONTROL
campo de control 66191
003 - IDENTIFICADOR DEL NÚMERO DE CONTROL
campo de control 139021
005 - FECHA Y HORA DE LA ÚLTIMA TRANSACCIÓN
campo de control 20201118110255.0
008 - DATOS DE LONGITUD FIJA--INFORMACIÓN GENERAL
campo de control de longitud fija ||||||n9999 ||| || ||
041 ## - CÓDIGO DE LENGUA
Código de lengua del texto/banda sonora o título independiente por
100 ## - ENTRADA PRINCIPAL--NOMBRE DE PERSONA
Nombre de persona Barbe, Roger
245 #2 - MENCIÓN DE TÍTULO
Título A estrategia francesa de renovacao do servico publico :
Resto del título pp.19-49
260 ## - PUBLICACIÓN, DISTRIBUCIÓN, ETC.
Lugar de publicación, distribución, etc. Brasil :
Nombre del editor, distribuidor, etc. Fundaco Escola Nacional de Administracao Publica,
Fecha de publicación, distribución, etc. 1993.
300 ## - DESCRIPCIÓN FÍSICA
Extensión pp.19-49
562 ## - NOTA DE IDENTIFICACIÓN DE LA COPIA Y VERSIÓN
Número de copias 0
650 ## - PUNTO DE ACCESO ADICIONAL DE MATERIA--TÉRMINO DE MATERIA
Término de materia o nombre geográfico como elemento de entrada BOGOTÁ (COLOMBIA)--ADMINISTRACIÓN PÚBLICA
650 ## - PUNTO DE ACCESO ADICIONAL DE MATERIA--TÉRMINO DE MATERIA
Término de materia o nombre geográfico como elemento de entrada ESTRATEGIAS PARA EL DESARROLLO
650 ## - PUNTO DE ACCESO ADICIONAL DE MATERIA--TÉRMINO DE MATERIA
Término de materia o nombre geográfico como elemento de entrada REFORMAS ADMINISTRATIVAS
650 ## - PUNTO DE ACCESO ADICIONAL DE MATERIA--TÉRMINO DE MATERIA
Término de materia o nombre geográfico como elemento de entrada SERVICIOS PÚBLICOS
773 ## - ENLACE AL DOCUMENTO FUENTE/ENTRADA DE REGISTRO ANFITRIÓN
Número bibliográfico anfitrión 60029
Encabezamiento principal Contrato de gestao e a experiencia francesa de renovacao do sector publico
942 ## - ELEMENTOS DE PUNTO DE ACCESO ADICIONAL (KOHA)
Tipo de ítem Koha Analítica Documento

No hay ítems disponibles.